Reminiscencias de Santafé y Bogotá / (Record no. 48916)

MARC details
000 -LEADER
campo de control de longitud fija 00574nam a2200169 i 4500
001 - NÚMERO DE CONTROL
campo de control 48916
003 - IDENTIFICADOR DE NÚMERO DE CONTROL
campo de control ES-MaACL
005 - FECHA Y HORA DE LA ÚLTIMA TRANSACCIÓN
campo de control 20230906161839.0
007 - CAMPO FIJO DE DESCRIPCIÓN FÍSICA--INFORMACIÓN GENERAL
campo de control de longitud fija t|
008 - DATOS DE LONGITUD FIJA--INFORMACIÓN GENERAL
campo de control de longitud fija 030702s1957 sp ||||1| spa d
100 1# - ENTRADA PRINCIPAL--NOMBRE DE PERSONA
Nombre de persona Cordovez Moure, José María.
9 (RLIN) 40571
245 10 - MENCIÓN DEL TÍTULO
Título Reminiscencias de Santafé y Bogotá /
Mención de responsabilidad, etc. José María Cordovez Moure ; edición, prólogo y notas de Elisa Mújica.
260 ## - PUBLICACIÓN, DISTRIBUCIÓN, ETC.
Lugar de publicación, distribución, etc. Madrid :
Nombre del editor, distribuidor, etc. Aguilar,
Fecha de publicación, distribución, etc. 1957 (
Fabricante Orbe)
300 ## - DESCRIPCIÓN FÍSICA
Extensión 1600 p., 1 lám. retr. aut. :
Otras características físicas il. ;
Dimensiones 18 cm.
700 1# - ENTRADA AGREGADA--NOMBRE PERSONAL
Nombre de persona Mújica, Elisa.
9 (RLIN) 84088
852 ## - LOCALIZACIÓN
Ubicación ES-MaACL
Número de control de estantería C-13477
Sublocalización o colección R.41459
Holdings
Estatus retirado Estado de pérdida Estado de daño No para préstamo Biblioteca de origen Biblioteca actual Ubicación en estantería Fecha de adquisición Fuente de adquisición Total de préstamos Signatura topográfica completa Código de barras Visto por última vez Precio de reemplazo Tipo de ítem Koha
        Biblioteca del Ateneo de Madrid Biblioteca del Ateneo de Madrid Sala Palomar 17/01/2008     C-13477 1051479 23/02/2023 23/02/2023 Libro impreso